00921nam a22002655i 45000010009000000050017000090080041000260100017000670200018000840400023001020420008001250500021001331000019001542450125001732500017002982600043003152630009003583000022003675000051003896500012004409060045004529420015004979990017005129520126005292072396220240813164852.0181029s2019 nyu 000 0 eng  a 2018962648 a9780198806653 aDLCbengerdacDLC apcc aRA 971 .L36 2019 aLankester, Ted00aSetting up community health programmes in low and middle income settings /c[edited by] Ted Lankester, Nathan J. Grills. a4th edition. aUSA:bOxyford university press,c2019. a1903 a532p. ill:g24cm. aincludes bibliographical references and index. ahealth. a0bibccorignewd2eepcnf20gy-gencatlg 2lcccBOOKS c32141d32141 00102lcc4070aMUCbMUCcGENd2024-08-13efalconl1oRA 971 .L36 2019p39993r2025-12-09s2025-11-21w2024-08-13yBOOKS